1469 1056 1637 1272 1103 1320 1648 1545 1091 1457 1555 1365 1227 1771 1585 1061 1160 1512 1023 1854 1835 1984 1875 1060 1811 1960 1004 1462 1291 1168 1899 1931 1348 1856 1226 1499 1884 1544 1010 1726 1120 1188 1010 1356 1884 1177 1754 1842 1551 1473 1407 1839 1455 1050 1987 1287 1461 1232 1125 1773 1113 1792 1058 1969 1330 1386 1415 1028 1608 1336 1855 1702 1098 1787 1523 1234 1510 1502 1659 1178 1914 1727 1790 1198 1835 1993 1157 1003 1629 1480 1350 1787 1740 1428 1761 1389 1171 1002 1872 BCNSPRNW ULIB Ver.6.0+V

เปลี่ยนเป็นภาษาไทย

Change to English
 แสดงรายละเอียดบรรณานุกรม
  กลับหน้าหลัก

Brief Record : Get Marc (ISO 2709) : E-mail record : QR code < ปิดหน้าต่าง
LEADER : 00000nac a2200000Ia 4500
001    13399114487
003     ULIB
008    101006s2553 th a 000 0 tha d
020    ^a9786167375069
060 04 ^aWO218^bท239
245 00 ^aทศวรรษใหม่กับความปลอดภัยทางวิสัญญี =^bSafety and update inanesthesia 2010/^c บรรณาธิการโดย มลิวัลย์ ออฟูวงศ์ อรรัตน์ กาญจนวณิช
246 31 ^aSafety and update in anesthesia 2010
260    ^aสงขลา :^bหน่วยผลิตตำราคณะแพทยศาสตร์
300    ^a347 หน้า :^bภาพประกอบ ;^c22 ซม.
500    ^aSend to Single Search
650  4 ^aวิสัญญีวิทยา^vรวมเรื่อง
700 0  ^aมลิวัลย์ ออฟูวงศ์,^eบรรณาธิการ
700 0  ^aอรรัตน์ กาญจนวนิชกุล,^eบรรณาธิการ
710 2  ^aมหาวิทยาลัยสงขลานครินทร์. ^bคณะแพทยศาสตร์
945    ^p360^l0^i031608
945    ^p360^l0^i031609
995    ^a เกษร
999 ^a ทศพร
รายการนี้ยังไม่มีแท็ก
คุณยังไม่ได้ล็อกอิน คุณสามารถมีกิจกรรมร่วมกับเว็บไซต์ได้ แต่ต้องล็อกอินก่อน ::
  ล็อกอิน

รายการสื่อสารสนเทศ

ลำดับที่ ประเภท เลขเรียก/บาร์โค้ด สถานที่ สถานะ
- ไม่พบข้อมูล -

BibComment


ยังไม่เคยถูกคอมเมนท์

คอมเมนท์ทรัพยากรรายการนี้
  คอมเมนท์: ทศวรรษใหม่กับควา..


 Copyright 2026. Bcnsprnw @Library